| 000 | 00740nam a22002537a 4500 | ||
|---|---|---|---|
| 001 | 5397 | ||
| 003 | FISKH | ||
| 005 | 20250710105658.0 | ||
| 008 | 241203b cb ||||| |||| 00| 0 eng d | ||
| 020 | _a9780545415644 | ||
| 040 |
_aFISKH _beng _cFISKH _dFISKH |
||
| 050 | _aQL49.H535 | ||
| 082 | _a590 | ||
| 100 | _aHernandez, Christopher | ||
| 245 |
_aAnimal superpowers / _cBy Christopher Hernandez |
||
| 250 | _aFirst printing in 2012 | ||
| 260 |
_aNew York : _bScholastic, _c2012. |
||
| 300 |
_a32 pages : _bColor illustrations ; _c23 cm |
||
| 520 | _aDescribes the special abilities of seventeen different animals. | ||
| 650 |
_2Animals _aNon-fiction |
||
| 650 |
_2 Childrens Science _aBrown |
||
| 942 |
_2ddc _cBK _n0 |
||
| 999 |
_c5397 _d5397 |
||